| 000 | 00554nam a22001817a 4500 | ||
|---|---|---|---|
| 003 | OSt | ||
| 005 | 20260422035605.0 | ||
| 008 | 251118b |||||||| |||| 00| 0 eng d | ||
| 020 | _a0-8192-1933-9. | ||
| 040 |
_aDWCL-Main lib _cOC |
||
| 082 | _aCirc. 262.14 C712d 2002 | ||
| 100 | _aCollins, John N. | ||
| 245 |
_aDeacons of the church : _bmaking connections betwen old and new _cCollins, John N. |
||
| 260 |
_aHarrisburg, _bPennsylvania : _cc2002. |
||
| 300 |
_avi, 158 pages ; _c21 cm. |
||
| 650 | _21. Deacons-History. | ||
| 942 |
_2ddc _cBK-CIRC _kCirc. _n0 |
||
| 999 |
_c5803 _d5803 |
||